000 00230nam a2200097Ia 4500
008 240625s9999 xx 000 0 und d
041 _aeng
100 _aLINUX FOR YOU
245 _aLINUX FOR YOU MANDRIVA 2009 SPRING
260 _c1909
999 _c34478
_d34478